000 01452nam a2200337 i 4500
003 CO-BoRNBP
005 20230403192355.0
007 ta
008 211022s2021 ck a ||br|||| 00| 0 spa d
020 _a9789588846774
040 _aCO-BoRNBP
_bspa
_erda
_cCO-BoRNBP
041 0 _aspa
082 0 4 _a611.81
_bB17c
_222
100 1 _aBarrecheguren Manero, Pablo José
_eautor
_9734
245 1 3 _aEl cerebro humano : explicado por el Dr. Santiago Ramón y Cajal
_ctexto Dr. Pablo Barrecheguren ; ilustraciones Isa Loureiro
250 _aEdición especial
264 1 _aBogotá
_bAlianza Distribuidora de Colombia
_bEditorial Juventud
_c2021
300 _a51, [3] páginas sin numerar
_bilustraciones a color
_c29 cm
336 _atexto
_btxt
_2rdacontent
337 _asin mediación
_bn
_2rdamedia
338 _avolumen
_bnc
_2rdacarrier
490 0 _aPlan Nacional de Lectura y Escritura Leer es mi Cuento / Ministerio de Cultura
521 _aRecomendado para un público infantil mayor de 9 años
545 _aIncluye datos biográficos del autor e ilustradora al final del texto
600 1 4 _aRamón y Cajal, Santiago
_d1852-1934
_xHomenajes póstumos
_xLiteratura infantil
_9735
650 1 7 _aCerebro
_xLiteratura infantil
_2LEMB
_9736
650 1 7 _aHemisferios cerebrales
_xLiteratura infantil
_2LEMB
_9737
650 1 7 _aAnatomía humana
_xLiteratura infantil
_2LEMB
_9738
700 1 _aLoureiro, Isabel Dias
_eilustradora
_9739
942 _2ddc
_cBKINF
999 _c9304
_d9304